Časně laténský sídlištní objekt u Starých Prachatic - trať zadní

Titel: Časně laténský sídlištní objekt u Starých Prachatic - trať zadní
Verfasser:
In: Zlatá stezka, Band 3 (1996), Seite 279-285, obr.
alle Artikel anzeigen
Veröffentlicht: 1996
Format: Aufsatz
Sprache: Tschechisch
Kein Bild verfügbar
X
alg: 39305355
001A    $01999:11-11-16 
001B    $01999:22-05-21 $t21:55:56.000 
001C    $06050:19-11-16 $t22:36:35.000 
001D    $01999:11-11-16 
001U    $0utf8 
001X    $00 
002@    $0Aox 
003@    $0393053555 
007A    $0393053555 $aHEB 
007T    $0Herdp03950 
010@    $acze 
011@    $a1996 
021A    $aČasně laténský sídlištní objekt u Starých Prachatic - trať zadní 
028A    $aParkman $dMarek 
031A    $d3 $h279-285, obr. $j1996 
037A    $aněm. res.: Ein frühlatenezeitliches Siedlungsobjekt bei Alt-Prachatitz (Staré Prachatice) - Lage "Zadní", Kreis Prachatitz 
039B    $aIn $8--Abvc--. Zlatá stezka. - Prachatice, 1994- $x199600000030000721 $9070440182 
045F    $a307.094371 $eDDC23BSB 
045F/01 $a307.09 
045F/03 $g4371 
045T    $a7,41 

lok: 39305355 78

exp: 39305355 78 1 #EPN
201B/01 $026-11-17 $t01:35:50.000 
201U/01 $0utf8 
203@/01 $0789163861 
208@/01 $a11-11-16 $be 
209A/01 $a/ $f000 $x00 
220C/01 $aHerkunft: Hú Av Čr Praha 
244Z/01 $#Tschechien $#Tschechische Republik $#Tschechische Republik $#Tschechenland $#Tschechei Tschechien $#Česká Republika $#Czech Republic $#ČR $74303381-7 $8--Tg1--Tschechien $x01 $9086659812 
244Z/01 $2Trx $#Böhmen $#Bohemia $#Czechy $8--Trx--Čechy $x02 $9391188941 
244Z/01 $2Trx $#Altprachatitz $8--Trx--Staré Prachatice$gPrachatice $x03 $9391273337 
244Z/01 $2Trx $#Latène-aeg $#Lateno kultūra $#Latène age $#La-Tène kultúra $#kultura lateńska $#kultúra laténska $#kultura laténská $#Archäologie Latène-Zeit $#doba laténská $8--Trx--Latène-Zeit $x04 $9391383140 
244Z/01 $2Trx $8--Trx--Zeitschriftenaufsatz $x05 $9391384341 
245Z/01 $a13.03 $x01 
245Z/01 $a05.02 $x02 
247C/01 $82080>Marburg/Lahn, Herder-Institut, Forschungsbibliothek, Bibliographieportal $9336309341
LEADER 00000caa a22000002c 4500
001 393053555
003 DE-603
005 20210522215556.0
007 tu
008 161111s1996 xx |||| | u00||u|cze c
035 |a (DE-599)HEB393053555 
040 |a DE-603  |b ger  |c DE-603  |d DE-603 
041 |a cze 
082 0 4 |8 1\u  |a 307.094371  |q DE-101  |2 23/BSB 
084 |a 7,41  |2 ssgn 
085 |8 1\u  |b 307.09 
085 |8 1\u  |z 2  |s 4371 
100 1 |a Parkman, Marek 
245 0 0 |a Časně laténský sídlištní objekt u Starých Prachatic - trať zadní 
264 0 |c 1996 
500 |a něm. res.: Ein frühlatenezeitliches Siedlungsobjekt bei Alt-Prachatitz (Staré Prachatice) - Lage "Zadní", Kreis Prachatitz 
773 0 8 |i In  |t Zlatá stezka  |d Prachatice, 1994-  |g Band 3 (1996), Seite 279-285, obr.  |w (DE-603)070440182  |w (DE-600)1344104-8 
924 0 |9 2080  |a (DE-603)789163861  |b DE-2080  |c HES  |d d  |g /